000 01142nam a22002657a 4500
005 20110125140113.0
008 110125t xxu||||| |||| 00| 0 mar d
010 _aMAR-20514
020 _a9788174345158
_c140.00
035 _aMR-13172
037 _bDBAD / PUB
040 _aDPL
_bMR
082 _a891.463
100 _aडांगे,गौरी
_925582
245 _a3 झाकिया मँन्शन /
_cगौरी डांगे :अनघा लेले द्वारा अनुवादित
246 _a3 Zakia Mansion
_bby Gouri Dange
260 _aराजहँस प्रकाशन
_bपुणे
_c2010
270 _a1025,सदाशिव पेठ
_bपुणे
_e411030
300 _a144पृ
_c21सेमी (अजिल्द)
700 _925583
_aलेले,अनघा
700 _925646
700 _925587
942 _2ddc
_cMR
_h891.463
_mडांगेगौ
999 _c50161
_d50161